Historia, sociedad y cultura; ensayos y conferencias (Registro nro. 28301)

Detalles MARC
000 -CABECERA
Longitud fija campo de control 00837nam a2200241 a 4500
003 - • IDENTIFICADOR DELl NÚMERO DE CONTROL
Identificador del número de control CO-ViMGA
008 - • CÓDIGOS DE INFORMACIÓN DE LONGITUD FIJA
Códigos de información de longitud fija 141112s2004 ck r 000 u spa d
020 ## - • NÚMERO INTERNACIONAL NORMALIZADO PARA LIBROS
Número Internacional Normalizado para Libros (ISBN) 9586824292
040 ## - FUENTE DE LA CATALOGACIÓN
Centro catalogador de origen CO-ViMGA
Lengua de catalogación spa
Centro transcriptor CO-ViMGA
082 04 - • NÚMERO DE LA CLASIFICACIÓN DECIMAL DEWEY
Número de clasificación (R) 306.9 J171
100 1# - • PUNTO DE ACCESO PRINCIPAL-NOMBRE DE PERSONA
Nombre de persona Jaramillo Uribe, Jaime
245 10 - • TITULO PROPIAMENTE DICHO
Título Historia, sociedad y cultura; ensayos y conferencias
300 ## - • DESCRIPCIÓN FÍSICA
Extensión 348 p
500 ## - • NOTA GENERAL
Nota general Obras completas de Jaime Jaramillo Uribe.
590 ## - NOTAS LOCALES
Nota local Forma de adquisición : Premio Mincultura
650 14 - • PUNTO DE ACCESO ADICIONAL DE MATERIA - TÉRMINO DE MATERIA
Término de materia o nombre geográfico como elemento inicial CULTURA - HISTORIA - ENSAYOS, CONFERENCIAS, ETC.
650 14 - • PUNTO DE ACCESO ADICIONAL DE MATERIA - TÉRMINO DE MATERIA
Término de materia o nombre geográfico como elemento inicial FILOSOFIA DE LA HISTORIA - ENSAYOS, CONFERENCIAS
650 14 - • PUNTO DE ACCESO ADICIONAL DE MATERIA - TÉRMINO DE MATERIA
Término de materia o nombre geográfico como elemento inicial HISTORIA SOCIAL - ENSAYOS, CONFERENCIAS
650 14 - • PUNTO DE ACCESO ADICIONAL DE MATERIA - TÉRMINO DE MATERIA
Término de materia o nombre geográfico como elemento inicial HISTORIOGRAFIA - ENSAYOS, CONFERENCIAS
942 ## - ENTRADA DE ELEMENTOS AGREGADOS (KOHA)
Fuente de clasificaión o esquema Dewey Decimal Classification
Koha [por defecto] tipo de item LIbro
Existencias
Perdido Fuente de clasificación o esquema Estado Físico No para préstamo Forma de adquisición Localización permanente Localización actual Fecha adquisición Serie de enumeración / cronolog&íacute;a Préstamos totales Signatura completa Código de barras Fecha última consulta Número de copia Fecha del precio de reemplazo Tipo de item de Koha
  Dewey Decimal Classification     Sala General Segundo Piso Biblioteca Pública Germán Arciniegas - Villavicencio Biblioteca Pública Germán Arciniegas - Villavicencio 12/04/2015 Volumen. 1 | 11/jun/2009   306.9 J171 19130 12/04/2015 Ej. 1 12/04/2015 LIbro









Instituto Departamental de Cultura del Meta - Red Departamental de Bibliotecas Públicas del Meta.